01764cam a2200385Ia 4500001000800000005001700008008004100025020001800066020001500084035002400099035002400123035002100147035002100168035001700189040001300206041001300219082001800232100002300250245005900273246002100332246002200353260006400375300004200439500022700481505035100708546003201059600003701091600003601128600003701164650002201201650004001223650004501263700002201308710004801330687220620220326193330.0080902s2008 sp a 000 0 eng d a9788489771529 a8489771529 a(OCoLC)ocn261390599 a(OCoLC)ocn229021295 a(OCoLC)229021295 a(OCoLC)261390599 a(NNC)6872206 aIULcIUL0 aengager a707.4bB 292l aBaumgarten, Lothar00aLB :bautofocus retina /c[Bartomeu Marí ... et al.]30aAutofocus retina33aLothar Baumgarten aBarcelona :bMuseu d'Art Contemporani de Barcelona,c[2008] a171 p. :b ill. (some col.) ;c28 cm. aThe "LB" of the title stands for Lothar Baumgarten ; the"book has been published on occasion of the exhibition 'Lothar Baumgarten, autofocus retina', Museu d'Art Contemporani de Barcelona, Feb. 7 - June 15 2008"--Colophon. tInstrumentos invisibles / Bartomeu Marí -- Perspectivas parciales / Kaira M. Cabañas -- Lo que se ve y lo que no se ve / Anne Rorimer -- Escrito en la pared / Hal Foster -- Nombres impropios / Craig Owens -- Vivir el paisaje / Michael Jakob -- "Cultura" y "Naturaleza" o... la naturaleza se ha vuelto bastante extraña / Friedrich W. Heubach aOne contribution in German.10aBaumgarten, LotharvExhibitions.10aBaumgarten, LotharvCatálogos10aBaumgarten, LotharvExhibiciones 0aArtvExhibitions. 0aPhotography, ArtisticvExhibitions. 0aExposición Macbay7 feb - 15 jun, 20081 aMarí, Bartomeu.2 aMuseu d'Art Contemporani (Barcelona, Spain)